Á lódáil...

Knowledge society Oppurtunities and challenges /

Sonraí Bibleagrafaíochta
Údair Eile: Raju , P. V. L. (Eagarthóir)
Teanga:Undetermined
Foilsithe: New Delhi : Icfai Books , 2010.
Ábhair:
LEADER 00571nam a2200169Ia 4500
001 168518
008 170722s9999 xx 000 0 und d
020 |a 9788131401392 
245 |a Knowledge society  |b Oppurtunities and challenges / 
260 |a New Delhi :  |b Icfai Books ,  |c 2010. 
300 |a vii+215p 
653 |a Knowledge Society 
700 |a Raju , P. V. L.  |e editor. 
923 |d 20101221  |n V- 568 
942 |c GEN 
999 |c 144223  |d 144223 
952 |0 0  |1 0  |4 0  |6 X_9138_Q0  |7 0  |9 203899  |a LIB  |b LIB  |d 2013-03-25  |e Prabhus Books  |o X:9:(13:8) Q0  |p 281714  |r 2017-08-12  |v 750.00  |w 2017-08-12  |y GEN